| 000 | 00000nam 2200000zi 4500 |
| 001 | 9.948230 |
| 003 | CaOODSP |
| 005 | 20250707145905 |
| 006 | m o d f |
| 007 | cr |n||||||||| |
| 008 | 250220t20252025onc ob f000 0 fre d |
| 020 | |a9780660758985 |
| 040 | |aCaOODSP|bfre|erda|cCaOODSP |
| 043 | |an-cn--- |
| 086 | 1 |aBT22-224/1-2025F-PDF |
| 245 | 00|aGuide sur les paiements anticipés. |
| 264 | 1|aOttawa, Ontario : |bSecrétariat du Conseil du Trésor du Canada, |c2025. |
| 264 | 4|c©2025 |
| 300 | |a1 ressource en ligne (18 pages non numérotées) |
| 336 | |atexte|btxt|2rdacontent/fre |
| 337 | |ainformatique|bc|2rdamedia/fre |
| 338 | |aressource en ligne|bcr|2rdacarrier/fre |
| 500 | |aPublié aussi en anglais sous le titre : Guide to advance payments. |
| 500 | |a« Publié: le 2025-02-03. » |
| 504 | |aComprend des références bibliographiques (page [15]). |
| 650 | 6|aDépenses publiques|xPolitique gouvernementale|zCanada. |
| 650 | 6|aFinances publiques|zCanada. |
| 710 | 1 |aCanada. |bConseil du trésor, |eorganisme de publication. |
| 775 | 08|tGuide to advance payments.|w(CaOODSP)9.948229 |
| 795 | |tGuide sur les paiements anticipés.|b[2020]|w(CaOODSP)9.885857 |
| 856 | 40|qPDF|s284 Ko|uhttps://publications.gc.ca/collections/collection_2025/sct-tbs/BT22-224-1-2025-fra.pdf |
| 856 | 4 |qHTML|sS.O.|uhttps://www.tbs-sct.canada.ca/pol/doc-fra.aspx?id=32646§ion=html |